| 000 | 03663nam a22003257a 4500 | ||
|---|---|---|---|
| 003 | NALT | ||
| 005 | 20260311125057.0 | ||
| 008 | 251223b th ||||| |||| 00| 0 tha d | ||
| 020 | _a9789740219552 | ||
| 040 | _aNALT | ||
| 041 | 1 |
_atha _hkor |
|
| 050 |
_aHD 2756.2.K9 _bพ513ส 2568 |
||
| 100 | 1 |
_aพัค, ซังอิน. _967166 |
|
| 245 | 1 | 0 |
_aสาธารณรัฐแชบอล : _bเปิดโปงอาณาจักรธุรกิจใหญ่เกาหลีใต้ / _cPark Sangin เขียน ; ชญาณภา ชื่นชม แปล. |
| 246 | 3 | 1 | _aRepublic of chaebol. |
| 250 | _aพิมพ์ครั้งแรก. | ||
| 260 |
_aกรุงเทพฯ : _bมติชน, _c2568. |
||
| 300 |
_a400 หน้า : _bภาพประกอบ, ตาราง, แผนภูมิ ; _c21 ซม. |
||
| 505 | 2 | _aบทที่ 1 เกาหลีใต้คือสาธารณรัฐของกลุ่มธุรกิจใหญ่แชบอล -- 1. การควบคุมทางกฎหมาย -- 2. การควบคุมสื่อ -- 3. การควบคุมรัฐบาล -- บทที่ 2 สาธารณรัฐของตระกูลใหญ่แชบอลถูกสร้างขึ้นมาแบบนี้ -- 1. การก่อตั้งและการรวมศูนย์ทางเศรษฐกิจของกลุ่มธุรกิจใหญ่แชบอลในเกาหลีใต้ -- 2. การสืบทอดธุรกิจของตระกูลเจ้าของธุรกิจใหญ่แชบอล -- บทที่ 3 ทำไมสาธารณรัฐของกลุ่มธุรกิจใหญ่แชบอลถึงไม่ดีล่ะ -- 1. การรวมศูนย์ทางเศรษฐกิจและอำนาจทางเศรษฐกิจ -- 2. การแสวงหาผลประโยชน์ส่วนตัวและการบริหารแบบจักรพรรดิ -- 3. ระบบแชบอลและความไม่เท่าเทียมที่เพิ่มขึ้น -- บทที่ 4 การสวนทางของรัฐบาลมุนแจอิน -- 1. กฎหมายเศรษฐกิจ (เป็นธรรม) 3 ฉบับ -- 2. กฎหมาย 3 ฉบับเพื่อการควบคุมกลุ่มทุนแชบอล -- บทที่ 5 เพื่อการฟื้นฟูสาธารณรัฐประชาธิปไตย -- 1. การปฏิรูปกลุ่มธุรกิจขนาดใหญ่แชบอลเพื่อฟื้นฟูสาธารณรัฐประชาธิปไตย -- 2. ภารกิจปฏิรูปเพื่อฟื้นฟูสาธารณรัฐประชาธิปไตย. | |
| 650 | 4 |
_aกลุ่มบริษัท _zเกาหลีใต้ _967226 |
|
| 651 | 4 |
_aเกาหลีใต้ _xภาวะเศรษฐกิจ _927100 |
|
| 653 | 4 | _aบริษัทรวมธุรกิจ -- เกาหลีใต้ | |
| 700 | 1 |
_aSangin, Park _967224 |
|
| 700 | 0 |
_aชญาณภา ชื่นชม _967223 |
|
| 942 |
_cGB _2lcc |
||
| 996 |
_ajidapa.t _bACQSTF _c2025-12-23 |
||
| 996 |
_avaree.k _bLIBSTF _c2025-12-24 |
||
| 996 |
_asaiphon.d _bCATSTF _c2026-01-07 |
||
| 999 |
_c107594 _d107594 |
||
| 998 |
_j111 _k นางสาวพจพิณ พรมเอี่ยม |
||